000 00752nam a2200229Ia 4500
001 16906
003 GE_BSU
008 181216s||||||||xx |||||||||||||| ||und||
040 _cGE_BSU
080 _a821.353.1-312.4
100 _aგურგუჩიანი, ზაზა
245 _aსისხლიანი სტერლინგები
245 _bდეტექტ. რომანი
245 _cრედ.: მანანა ასათიანი
260 _aთბილისი
260 _bმერანი
260 _c1991
300 _a283 გვ. ; 20 სმ
653 _aდეტექტ. რომანი
653 _aსისხლიანი სტერლინგები
942 _cBK
999 _c49970
_d49970